LEADER 00899nam0 22002651i 450 001 UON00230153 005 20231205103457.598 010 $a86-7685-034-8 100 $a20030730d1993 |0itac50 ba 101 $ahbs 102 $aYU 105 $a|||| ||||| 200 1 $aRuski Chrt$fMilorad Pavic 210 $aBeograd$cBata$cNorth American$cOrbis$d1993 215 $a286 p.$d20 cm. 620 $aRS$dBelgrado$3UONL001000 676 $a891.82$cLetteratura serbo-croata$v21 700 1$aPAVI?$bMilorad$3UONV138030$0636234 712 $aBata$3UONV269250$4650 801 $aIT$bSOL$c20250620$gRICA 899 $aSIBA - SISTEMA BIBLIOTECARIO DI ATENEO$2UONSI 912 $aUON00230153 950 $aSIBA - SISTEMA BIBLIOTECARIO DI ATENEO$dSI CROATO A 0160 $eSI EO 24531 5 0160 996 $aRuski Chrt$91272278 997 $aUNIOR